| 000 | 00658nam a22002057a 4500 | ||
|---|---|---|---|
| 999 |
_c165544 _d165544 |
||
| 005 | 20190621150615.0 | ||
| 010 | _aENG-125705 | ||
| 020 |
_a9789352806508 _c850.00 |
||
| 035 | _aEN-109237 | ||
| 037 | _bDBAD/PUB | ||
| 082 | _a362.196 | ||
| 245 |
_aThe psychological impact of the partition of India / _ced. by Sanjeev Jain [and] Alok Sarin |
||
| 260 |
_aNew Delhi _bSage Publications _c2018 |
||
| 270 |
_aB1/1-1, Mohan Cooperative Industrial Area _bMathura Road,New Delhi _e110044 |
||
| 300 |
_axvi,241p. _c22cm(Hb) |
||
| 500 | _aIncludes index | ||
| 700 | _aJain, Sanjeev | ||
| 700 | _aSarin, Alok | ||
| 942 |
_2ddc _cEN _h303.695 _mLIN |
||